000 00758nam a22002177a 4500
005 20260113151518.0
010 _aENG-147409-410
020 _a9789349015708(Set of 2)
_c1095.00
035 _aEN-130941-942
037 _bDBAD
_aDPL
082 _a346.5402
_26
100 _aMarkanda, Naresh
_986332
245 _aDr P C Markanda The Law of Contract/
_cNaresh Markanda [and] Rajesh Markanda
250 _a6
260 _aHaryana
_b Lexis Nexis
_c2026
270 _a14th Floor, Building No. 10, Tower-B, DLF Cyber City, Phase-II, Gurgaon
_bHaryana
_e122002
_mhelp.in@lexisnexis.com
300 _acdxi,viii,2380p.
_c24cm(hb)
490 _vVol 1, Vol 2
700 _aMarkanada, Rajesh
_eAuhtor
_986329
942 _2ddc
_cEN
_h346.5402
_mMAR
_e6
999 _c214094
_d214094